000 00384 a2200157 4500
001 59706
020 _a8571236631
040 _cAnchieta - Pituba
100 _aAbrão, Bernadette Siqueira
240 1 0 _aHistória da filosofia
_lpor
245 1 0 _aHistória da filosofia
300 _a479
362 0 _a1999
650 4 _aTratamento de pessoas, histórico e coleções
942 _cBK
999 _c59706
_d59706